<?xml version="1.0" encoding="UTF-8"?>
<marc:record xmlns:marc="http://www.loc.gov/MARC21/slim">
   <marc:leader>00000nam a2200000 a 4500</marc:leader>
   <marc:datafield ind1="1" ind2=" " tag="100">
      <marc:subfield code="a">Condon, Bill [Regie]</marc:subfield>
      <marc:subfield code="4">aut</marc:subfield>
      <marc:subfield code="e">Verfasser/-in</marc:subfield>
   </marc:datafield>
   <marc:datafield ind1="1" ind2=" " tag="100">
      <marc:subfield code="a">Stevens, Dan</marc:subfield>
   </marc:datafield>
   <marc:datafield ind1="1" ind2=" " tag="100">
      <marc:subfield code="a">Watson, Emma</marc:subfield>
   </marc:datafield>
   <marc:datafield ind1="0" ind2="0" tag="245">
      <marc:subfield code="a">Die schöne und das Biest [Bildtonträger]</marc:subfield>
   </marc:datafield>
   <marc:datafield ind1=" " ind2="1" tag="264">
      <marc:subfield code="b">Walt Disney Studios Home Entertainment</marc:subfield>
      <marc:subfield code="c">2017</marc:subfield>
   </marc:datafield>
   <marc:datafield ind1="1" ind2=" " tag="520">
      <marc:subfield code="a">Belle, eine wunderschöne und kluge junge Frau, gelangt auf der Suche nach ihrem vermissten Vater in das Schloss eines verwunschenen Prinzen, der vor langer Zeit in ein schreckliches Biest verwandelt wurde. Dieser Bann kann nur durch die wahrhaftige Liebe einer Frau gebrochen werden, doch das Biest denkt überhaupt nicht daran, sich liebenswert zu verhalten. Mit Hilfe der sympathischen verzauberten Schlossbewohner erkennt Belle aber schon bald, dass wahre Schönheit von innen kommt, und findet so ihre ganz große Liebe.</marc:subfield>
   </marc:datafield>
   <marc:datafield ind1=" " ind2=" " tag="020">
      <marc:subfield code="a">8717418504687</marc:subfield>
      <marc:subfield code="9">8717418504687</marc:subfield>
   </marc:datafield>
   <marc:datafield ind1="0" ind2=" " tag="490">
      <marc:subfield code="v">0</marc:subfield>
   </marc:datafield>
   <marc:datafield ind1=" " ind2=" " tag="300">
      <marc:subfield code="a">1 DVD</marc:subfield>
   </marc:datafield>
</marc:record>
